| 000 | 00744nam a2200217Ia 4500 | ||
|---|---|---|---|
| 003 | GCL | ||
| 008 | 140319s9999 xx 000 0 ara d | ||
| 040 |
_aGCL / _cGCL |
||
| 082 | 0 | 4 |
_a301.363 _bس ع |
| 100 | 1 | _aسامية محمد جابر | |
| 245 | 1 | 0 |
_aعلم اجتماع المجتمعات الجديدة / _cسامية محمد جابر |
| 700 | 1 | _aمريم احمد مصطفى عبد الحميد | |
| 700 | 1 | _aعبدالله محمد عبدالرحمن | |
| 300 | _a464 ص | ||
| 490 |
_aالهيئة العامة للاستعلامات _v0 |
||
| 650 | 0 | 4 | _aالمجتمع |
| 650 | 0 | 4 | _aالعلوم الاجتماعية |
| 650 | 0 | 4 | _aالاجتماع، علم |
| 650 | 0 | 4 | _aالمجتمعات الجديدة |
| 942 |
_2ddc _cBK |
||
| 999 |
_c49227 _d49227 |
||